Luis Barragán (Record no. 171)

MARC details
000 -CABECERA
campo de control de longitud fija 00589nam a2200205 a 4500
001 - NÚMERO DE CONTROL
campo de control BRCA_210
005 - FECHA Y HORA DE LA ÚLTIMA TRANSACCIÓN
campo de control 20190320202923.0
008 - DATOS DE LONGITUD FIJA--INFORMACIÓN GENERAL
campo de control de longitud fija 930126s1985 mx-a---##b---#000-0#eng-d
020 ## - NÚMERO INTERNACIONAL ESTÁNDAR DEL LIBRO
Número Internacional Estándar del Libro 9687180196
041 ## - CÓDIGO DE LENGUA
Código de lengua del texto/banda sonora o título independiente eng
044 ## - CÓDIGO DEL PAÍS DE LA ENTIDAD EDITORA/PRODUCTORA
Código MARC del país mx
050 #4 - SIGNATURA TOPOGRÁFICA DE LA BIBLIOTECA DEL CONGRESO
Número de clasificación NA759.B36
Número de documento/Ítem .L85 1985
245 10 - MENCIÓN DE TÍTULO
Título Luis Barragán
Resto del título ensayos y apuntes para un bosquejo crítico.
260 ## - PUBLICACIÓN, DISTRIBUCIÓN, ETC.
Lugar de publicación, distribución, etc. [México]
Nombre del editor, distribuidor, etc. Museo Rufino Tamayo,
Fecha de publicación, distribución, etc. c1985
300 ## - DESCRIPCIÓN FÍSICA
Extensión 131 p.
Otras características físicas il.
Dimensiones 29 cm.
500 ## - NOTA GENERAL
Nota general Bibliografia: p. 127-128
600 14 - PUNTO DE ACCESO ADICIONAL DE MATERIA--NOMBRE DE PERSONA
Nombre de persona Barragán, Luis
Fechas asociadas al nombre 1902-1988
9 (RLIN) 731
650 14 - PUNTO DE ACCESO ADICIONAL DE MATERIA--TÉRMINO DE MATERIA
Término de materia o nombre geográfico como elemento de entrada Arquitectos
Subdivisión cronológica Siglo XX
Subdivisión geográfica México
9 (RLIN) 732
942 ## - ELEMENTOS DE PUNTO DE ACCESO ADICIONAL (KOHA)
Fuente del sistema de clasificación o colocación Library of Congress Classification
Tipo de ítem Koha Libros
Holdings
Estado de retiro Estado de pérdida Estado dañado No para préstamo Localización permanente Ubicación/localización actual Fecha de adquisición Total de préstamos Signatura topográfica completa Código de barras Fecha visto por última vez Precio válido a partir de Tipo de ítem Koha
El ejemplar forma parte de la colección y puede ser consultado según las políticas vigentes.       Biblioteca del Museo Franz Mayer (Rogerio Casas-Alatriste) Biblioteca del Museo Franz Mayer (Rogerio Casas-Alatriste) 25/06/2008   NA759.B36 .L85 1985 00274 22/03/2019 22/03/2019 Libros